000 02347cam a2200325 i 4500
001 991107356186106196
005 20251120123909.0
008 240220s2024 nyu e 000 j eng d
020 _a9780063346543
035 _a(OCoLC)1422572926
_z(OCoLC)1382385284
_z(OCoLC)1414654936
_z(OCoLC)1416719046
_z(OCoLC)1422583627
_z(OCoLC)1423519269
_z(OCoLC)1424477026
_z(OCoLC)1424628913
035 _a(OCoLC)on1422572926
040 _ctbs
041 1 _aeng
_hpor
050 4 _aPQ9698.13.O3546
_bM3513 2024
100 _aCoelho, Paulo
_eauthor
_912718
240 1 0 _aMaktub.
_lEnglish
245 1 0 _aMaktub
_b: an inspirational companion to The Alchemist
_c/ Paulo Coelho ; translated from the Portuguese by Margaret Jull Costa.
250 _aFirst HarperOne hardcover.
264 1 _aNew York, NY :
_bHarperOne, an imprint of HarperCollins Publishers,
_c2024.
300 _axi, 205 pages ;
_c21 cm
520 _aUncover timeless wisdom and unlock your spiritual journey with an insightful and inspiring collection of short stories and fables by Paulo Coelho—international bestselling and prize-winning author of The Alchemist A thought-provoking companion to the landmark literary classic The Alchemist comes Maktub (meaning "it is written"), a stunning collection that invites readers to reflect, rediscover, and find inspiration in life's quiet moments. Perfect for seekers of personal growth, divine faith, healing, and transformation, this national bestseller—from profoundly beloved and bestselling author Paulo Coelho—comes a variety of parables and stories pulled from Coelho's celebrated daily columns. As he explains, “Maktub is not a book of advice—but an exchange of experiences.” Each story—brief yet mighty—delivers lessons rooted in universal truths, weaving together spirituality, humanity, and self-reflection. Drawn from Coelho's experiences with spiritual leaders, friends, and cultural teachings, these stories are crafted to resonate with readers from all walks of life.
546 _aIn English ; translated from the Portuguese.
650 0 _aSpiritual life
_vFiction
_926172
650 0 _aParables
_vFiction
_926173
650 0 _aConduct of life
_xFiction
_911285
650 0 _aGod
_vFiction
_926558
655 0 _aShort stories
_922375
700 _aCosta, Margaret Jull
_etranslator
_923308
942 _2lcc
999 _c4863
_d4863